Quick Pick: Pattern vs. Color Quiz Stats

 Plays Quiz Updated Sep 8, 2017

Challenge
Share
Tweet
Embed
Score 0/8 Timer 00:30
1 Play Today
% Correct
Stripe
93%
Floral
88.4%
Argyle
85.2%
Paisley
83.9%
Houndstooth
83.6%
Chevron
83%
Tartan
82.8%
Quatrefoil
78.7%

Today's Daily Dose

Word Ladder
Anchorman

Get the Picture
'Head' Bands

You're not logged in!

Compare scores with friends on all Sporcle quizzes.
OR
Log In

You Might Also Like...

Show Comments

Extras

Top Quizzes Today


Score Distribution

Your Account Isn't Verified!

In order to create a playlist on Sporcle, you need to verify the email address you used during registration. Go to your Sporcle Settings to finish the process.

Report this User

Report this user for behavior that violates our Community Guidelines.

Details: